| 000 | 006310000a22001930004500 | ||
|---|---|---|---|
| 090 |
_aAR _b01029 |
||
| 245 | 1 | 0 | _aNew troglobite scorpion of genus Diplocentrus (<Scorpionida: Diplocentridae>) |
| 650 | 1 | 4 |
_aEspeleología _94156 |
| 650 | 1 | 4 |
_aTroglobios _994143 |
| 650 | 1 | 4 |
_aEscorpiones _992746 |
| 650 | 1 | 4 |
_aEvolución _992797 |
| 650 | 1 | 4 |
_aNuevas especies _992905 |
| 651 | 4 |
_lCueva Desapareciendo _dOaxaca _pMéxico _992749 |
|
| 653 |
_fDiplocentridae _gDiplocentrus _eDiplocentrus cueva |
||
| 041 | 0 | _aInglés | |
| 100 | 1 |
_aFrancke, Oscar F. _994232 |
|
| 942 | _cARTICULO | ||
| 773 | 1 |
_tEntomological News _3371 _h1-2 _q39-45 _d1978 _g89 |
|
| 999 |
_c10117 _d10117 |
||